[Event "SGP-ch 74th"]
[Site "Singapore"]
[Date "2023.02.04"]
[Round "5"]
[White "Ong, Yi Herng Joel"]
[Black "Wong, Meng Kong"]
[Result "1-0"]
[WhiteElo "2086"]
[BlackElo "2250"]
[PlyCount "83"]
[EventDate "2023.01.27"]
[EventType "swiss"]
[EventRounds "9"]
[EventCountry "SIN"]
[SourceTitle "CBM 212 Extra"]
[Source "ChessBase"]
[SourceDate "2023.03.31"]
[SourceVersion "1"]
[SourceVersionDate "2023.03.31"]
[SourceQuality "1"]

1. d4 d6 2. Nf3 Nd7 3. Bg5 h6 4. Bh4 c5 5. c3 Qb6 6. Qb3 Qxb3 7. axb3 b6 8. e3 g5 9. Bg3 Bb7 10. Ba6 0-0-0 11. Bc4 cxd4 12. cxd4 g4 13. Nh4 d5 14. Bb5 a6 15. 0-0 axb5 16. Rc1+ Nc5 17. dxc5 Kd7 18. c6+ Bxc6 19. Ra7+ Ke8 20. Rxc6 Bg7 21. Nc3 d4 22. exd4 Bxd4 23. h3 b4 24. Nb5 Bxb2 25. Nf5 h5 26. Rcc7 Bf6 27. Bd6 Rh7 28. Rcb7 Kf8 29. Nxe7 Nxe7 30. Bxe7+ Bxe7 31. Rxe7 Rd5 32. Re8+ Kg7 33. Nc7 Rd1+ 34. Kh2 Rd2 35. hxg4 Rxf2 36. g5 h4 37. Ne6+ Kg6 38. Nf8+ Kg7 39. Nxh7 Kxh7 40. Re4 Kg6 41. Rxh4 Kxg5 42. Rxb4 1-0

[Event "SGP-ch 74th"]
[Site "Singapore"]
[Date "2023.01.28"]
[Round "2"]
[White "Wong, Meng Kong"]
[Black "Wong, Shyun Fwu Aldrin"]
[Result "1-0"]
[WhiteElo "2250"]
[BlackElo "1478"]
[PlyCount "87"]
[EventDate "2023.01.27"]
[EventType "swiss"]
[EventRounds "9"]
[EventCountry "SIN"]
[SourceTitle "CBM 212 Extra"]
[Source "ChessBase"]
[SourceDate "2023.03.31"]
[SourceVersion "1"]
[SourceVersionDate "2023.03.31"]
[SourceQuality "1"]

1. e4 e5 2. Bc4 Nf6 3. d3 Bc5 4. Nf3 Nc6 5. a3 a6 6. b4 Ba7 7. Bg5 d6 8. Nc3 h6 9. Be3 Bxe3 10. fxe3 Be6 11. Bd5 Bxd5 12. exd5 Ne7 13. e4 Ng6 14. 0-0 0-0 15. h3 Re8 16. Kh2 Qd7 17. Qd2 c6 18. dxc6 Qxc6 19. Ne2 b5 20. a4 d5 21. axb5 axb5 22. exd5 Qd6 23. Rxa8 Rxa8 24. Kh1 Nxd5 25. c3 Ra3 26. Rb1 Ngf4 27. Nfg1 Qg6 28. Nxf4 Nxf4 29. Rd1 Qc6 30. d4 Rxc3 31. d5 Qg6 32. Qf2 Nd3 33. Qa2 Qg3 34. d6 Ra3 35. d7 Rxa2 36. d8Q+ Kh7 37. Qxd3+ Qxd3 38. Rxd3 Rb2 39. Rd5 Rxb4 40. Rxe5 Rb1 41. Kh2 b4 42. Rb5 Kg6 43. Nf3 f6 44. Nd4 1-0

[Event "Hong Kong Jolimark op"]
[Site "Hong Kong"]
[Date "2018.12.25"]
[Round "6"]
[White "Wong, Meng Kong"]
[Black "Deng, Jing Xin Crystal"]
[Result "1-0"]
[WhiteElo "2246"]
[BlackElo "1791"]
[PlyCount "79"]
[EventDate "2018.12.22"]
[EventType "swiss"]
[EventRounds "9"]
[EventCountry "HKG"]
[SourceTitle "CBM 188 Extra"]
[Source "ChessBase"]
[SourceDate "2019.02.26"]
[SourceVersion "1"]
[SourceVersionDate "2019.02.26"]
[SourceQuality "1"]

1. e4 c5 2. Nc3 Nc6 3. g3 g6 4. Bg2 Bg7 5. Nge2 d6 6. 0-0 e6 7. d3 Nge7 8. a3 0-0 9. Rb1 a6 10. b4 cxb4 11. axb4 Qc7 12. b5 Nd4 13. Nxd4 Bxd4 14. Ne2 Bg7 15. b6 Qd8 16. c4 e5 17. d4 exd4 18. Nxd4 Bd7 19. Be3 Nc6 20. Nb3 Be6 21. c5 Bxb3 22. Qxb3 dxc5 23. Bxc5 Re8 24. Rfd1 Qc8 25. Be3 a5 26. Qa4 Bf8 27. Rb5 Qe6 28. Rbd5 Bb4 29. Rd7 Re7 30. R7d5 Rc8 31. f4 Ree8 32. e5 f6 33. Rd7 Ne7 34. Bxb7 Rb8 35. Qb5 Kf8 36. Bc5 fxe5 37. fxe5 Qxe5 38. Rf1+ Kg8 39. Qc4+ Kh8 40. Bd4 1-0

[Event "Hong Kong Jolimark op"]
[Site "Hong Kong"]
[Date "2017.12.27"]
[Round "9"]
[White "Chan, James"]
[Black "Wong, Meng Kong"]
[Result "0-1"]
[WhiteElo "2065"]
[BlackElo "2252"]
[PlyCount "106"]
[EventDate "2017.12.23"]
[EventType "swiss"]
[EventRounds "9"]
[EventCountry "HKG"]
[SourceTitle "CBM 182 Extra"]
[Source "ChessBase"]
[SourceDate "2018.02.23"]
[SourceVersion "1"]
[SourceVersionDate "2018.02.23"]
[SourceQuality "1"]

1. e4 d6 2. d4 g6 3. Nc3 Bg7 4. Be3 a6 5. a4 b6 6. g3 c6 7. Bg2 Qc7 8. Nge2 Nf6 9. h3 Bb7 10. 0-0 0-0 11. f4 e6 12. Bf2 c5 13. d5 exd5 14. exd5 Nbd7 15. g4 h6 16. Ng3 Rae8 17. h4 Bc8 18. Bf3 Nh7 19. g5 hxg5 20. hxg5 f5 21. Kg2 Qd8 22. Bh5 gxh5 23. Qxh5 Ndf6 24. Qg6 Rf7 25. gxf6 Rxf6 26. Qh5 Rh6 27. Qf3 Nf6 28. Rh1 Rg6 29. Rae1 Rg4 30. Re3 Bd7 31. Rhe1 Rxe3 32. Bxe3 Nh5 33. Nce2 Bxb2 34. Rh1 Nxg3 35. Nxg3 Bf6 36. Kf1 Qe8 37. Nh5 Bh8 38. Qh3 Qg6 39. c4 Bxa4 40. Bf2 Bc2 41. Qe3 Be4 42. Rh2 Bd4 43. Qh3 Bh8 44. Ng3 Bf6 45. Nxe4 fxe4 46. Qb3 Rxf4 47. Rg2 Rg4 48. Rxg4 Qxg4 49. Qa4 Qc8 50. Bg3 Qh3+ 51. Ke2 Qxg3 52. Qe8+ Kg7 53. Qd7+ Kh6 0-1

[Event "Hong Kong Jolimark op"]
[Site "Hong Kong"]
[Date "2017.12.26"]
[Round "8"]
[White "Wong, Meng Kong"]
[Black "Concio, Michael Jr"]
[Result "1-0"]
[WhiteElo "2252"]
[BlackElo "1853"]
[PlyCount "89"]
[EventDate "2017.12.23"]
[EventType "swiss"]
[EventRounds "9"]
[EventCountry "HKG"]
[SourceTitle "CBM 182 Extra"]
[Source "ChessBase"]
[SourceDate "2018.02.23"]
[SourceVersion "1"]
[SourceVersionDate "2018.02.23"]
[SourceQuality "1"]

1. c4 Nf6 2. Nc3 g6 3. e4 d6 4. d4 Bg7 5. Bd3 0-0 6. Nge2 e5 7. d5 Nbd7 8. Ng3 a5 9. Bc2 Nc5 10. a3 b6 11. Rb1 Kh8 12. b4 axb4 13. axb4 Ncd7 14. Ba4 Ng8 15. Bc6 Rb8 16. Ra1 Bb7 17. Ra7 Bxc6 18. dxc6 Ndf6 19. 0-0 Ne7 20. b5 Ra8 21. Rb7 Rb8 22. Rxb8 Qxb8 23. Bb2 Qa7 24. Qb3 Ra8 25. Ra1 Qb8 26. Ra4 Nc8 27. Bc1 h6 28. f3 Rxa4 29. Qxa4 Qa7 30. Qa6 Qxa6 31. bxa6 Na7 32. Nb5 Nxc6 33. Nxc7 Nd7 34. Nb5 Nc5 35. a7 Nxa7 36. Nxa7 Nb3 37. Ne2 Na5 38. Nc3 Nxc4 39. Nd5 f5 40. Kf2 f4 41. Ke2 g5 42. Kd3 Na5 43. Nxb6 h5 44. Nb5 Bf8 45. Ba3 1-0

[Event "Hong Kong Jolimark op"]
[Site "Hong Kong"]
[Date "2017.12.24"]
[Round "3"]
[White "Wong, Brian"]
[Black "Wong, Meng Kong"]
[Result "0-1"]
[WhiteElo "2038"]
[BlackElo "2252"]
[PlyCount "50"]
[EventDate "2017.12.23"]
[EventType "swiss"]
[EventRounds "9"]
[EventCountry "HKG"]
[SourceTitle "CBM 182 Extra"]
[Source "ChessBase"]
[SourceDate "2018.02.23"]
[SourceVersion "1"]
[SourceVersionDate "2018.02.23"]
[SourceQuality "1"]

1. e4 c5 2. Nc3 Nc6 3. f4 g6 4. Nf3 Bg7 5. Bc4 d6 6. d3 e6 7. a3 Nge7 8. 0-0 d5 9. Ba2 b6 10. Bd2 dxe4 11. dxe4 Ba6 12. Rf2 Nd4 13. b4 0-0 14. Rb1 cxb4 15. axb4 Nxf3+ 16. Rxf3 Qd4+ 17. Kh1 Rfd8 18. Be1 Qxd1 19. Nxd1 Be2 20. Re3 Bxd1 21. Bh4 Bf8 22. f5 Bxc2 23. Rc1 Bh6 24. fxe6 Bxe3 25. exf7+ Kf8 0-1

[Event "Hong Kong Jolimark op"]
[Site "Hong Kong"]
[Date "2017.12.23"]
[Round "2"]
[White "Wong, Meng Kong"]
[Black "Wong, Shyun Fwu Aldrin"]
[Result "1-0"]
[WhiteElo "2252"]
[BlackElo "1694"]
[PlyCount "41"]
[EventDate "2017.12.23"]
[EventType "swiss"]
[EventRounds "9"]
[EventCountry "HKG"]
[SourceTitle "CBM 182 Extra"]
[Source "ChessBase"]
[SourceDate "2018.02.23"]
[SourceVersion "1"]
[SourceVersionDate "2018.02.23"]
[SourceQuality "1"]

1. e4 e5 2. Nc3 Nf6 3. g3 d5 4. exd5 Nxd5 5. Qh5 Be7 6. Bg2 Be6 7. d3 Nc6 8. Qd1 0-0 9. Nge2 f5 10. 0-0 Nf6 11. h3 Qd7 12. f4 Bc5+ 13. Kh1 Rad8 14. fxe5 Nh5 15. Kh2 Nxe5 16. d4 Qe8 17. Qe1 Rxd4 18. Nxd4 Bxd4 19. Be3 Bxe3 20. Qxe3 Nc4 21. Qxe6+ 1-0

[Event "Hong Kong op"]
[Site "Hong Kong"]
[Date "2015.10.03"]
[Round "6"]
[White "Wong, Meng Kong"]
[Black "Laylo, Darwin"]
[Result "1/2-1/2"]
[WhiteElo "2247"]
[BlackElo "2484"]
[PlyCount "179"]
[EventDate "2015.10.01"]
[EventType "swiss"]
[EventRounds "9"]
[EventCountry "HKG"]
[SourceTitle "CBM 168 Extra"]
[Source "ChessBase"]
[SourceDate "2015.10.29"]
[SourceVersion "1"]
[SourceVersionDate "2015.10.29"]
[SourceQuality "1"]

1. c4 Nf6 2. Nc3 d5 3. cxd5 Nxd5 4. g3 g6 5. Bg2 Nxc3 6. dxc3 Qxd1+ 7. Kxd1 c6 8. Kc2 f6 9. e4 e5 10. Be3 Nd7 11. Bh3 Bd6 12. Rd1 Ke7 13. Nf3 Rd8 14. Nd2 Bc7 15. f3 b6 16. b3 Bb7 17. Rhe1 Nf8 18. Nf1 Ne6 19. Bxe6 Kxe6 20. g4 a5 21. Rxd8 Rxd8 22. Rd1 Rh8 23. Ng3 Ba6 24. c4 b5 25. cxb5 cxb5 26. b4 Bb7 27. Bc5 Rd8 28. Rxd8 Bxd8 29. Kc3 Bc6 30. h4 Be8 31. Be3 Bc7 32. Bc5 Bf7 33. a3 a4 34. Kd2 h5 35. gxh5 gxh5 36. Ke2 Bg6 37. Bf2 Bd8 38. Be1 f5 39. exf5+ Bxf5 40. Nxh5 Bg6 41. Ng7+ Kf7 42. h5 Kxg7 43. hxg6 Kxg6 44. Kd3 Kf5 45. Bd2 Bh4 46. Be3 Bg3 47. Bd2 Bf2 48. Bc1 Bg1 49. Bd2 Bd4 50. Bc1 Ba1 51. Ke3 Bc3 52. Kd3 Be1 53. Be3 Ke6 54. Ke4 Bc3 55. Bc1 Ba1 56. Kd3 Kd5 57. Kc2 Kc4 58. Be3 Bc3 59. Bc5 Be1 60. Bd6 Bg3 61. Bc5 Bf4 62. Bf2 Kd5 63. Bc5 Ke6 64. Bf2 Kf5 65. Be1 Be3 66. Bg3 Bd4 67. Kc1 Be3+ 68. Kc2 Bg5 69. Bh2 Bf6 70. Bg3 Kg5 71. Kb1 Kg6 72. Kc2 Kf5 73. Kb1 Bg5 74. Kc2 Be3 75. Kb1 Bf4 76. Bf2 Bh2 77. Be3 Ke6 78. Kc2 Kd5 79. Bf2 Bf4 80. Bg1 Ke6 81. Bf2 Kf5 82. Be1 Kg5 83. Bf2 Kg6 84. Be1 Kh5 85. Bf2 Kg5 86. Be1 Bh2 87. Kd3 Kf4 88. Ke2 e4 89. fxe4 Kxe4 90. Kd2 1/2-1/2

[Event "Hong Kong op"]
[Site "Hong Kong"]
[Date "2015.10.02"]
[Round "4"]
[White "Wong, Meng Kong"]
[Black "Limbu, Chandra Singh"]
[Result "1-0"]
[WhiteElo "2247"]
[BlackElo "1789"]
[PlyCount "171"]
[EventDate "2015.10.01"]
[EventType "swiss"]
[EventRounds "9"]
[EventCountry "HKG"]
[SourceTitle "CBM 168 Extra"]
[Source "ChessBase"]
[SourceDate "2015.10.29"]
[SourceVersion "1"]
[SourceVersionDate "2015.10.29"]
[SourceQuality "1"]

1. e4 c5 2. Ne2 e6 3. d4 cxd4 4. Nxd4 Nc6 5. Nc3 a6 6. g3 d6 7. Bg2 Bd7 8. Nce2 Nge7 9. 0-0 Nxd4 10. Nxd4 Nc6 11. b3 Be7 12. Nxc6 Bxc6 13. Bb2 0-0 14. Qd2 Qc7 15. c4 Rad8 16. Rfe1 Rd7 17. Bd4 Re8 18. Qb2 Bf8 19. a4 a5 20. Re2 Red8 21. Rc1 Rc8 22. Qd2 e5 23. Bc3 Ra8 24. Bh3 Rdd8 25. Qe3 Be7 26. Rd1 b6 27. Be1 Qb7 28. Qd3 g6 29. Bd2 Bd7 30. Bxd7 Rxd7 31. Be3 Qc7 32. Qd5 Qb7 33. Red2 Rc8 34. Kf1 Qxd5 35. Rxd5 Rb7 36. Bc1 f6 37. Ba3 Rc5 38. Bxc5 bxc5 39. R5d3 Kf7 40. f4 Ke6 41. Re1 Bf8 42. Re2 Bh6 43. f5+ Ke7 44. fxg6 hxg6 45. Rf3 Ke6 46. Ref2 Rf7 47. Ke2 f5 48. g4 f4 49. Rh3 Bg7 50. g5 Rf8 51. Kf3 Kf7 52. Kg4 Rb8 53. Rff3 Rd8 54. Rd3 Kg8 55. Rd5 Kf7 56. Rhd3 Ke7 57. h4 Bf8 58. Rh3 Kf7 59. h5 gxh5+ 60. Kf5 Rb8 61. Rdd3 Rb7 62. Rxh5 Kg7 63. g6 Kg8 64. Rdh3 Bg7 65. Ke6 Rb6 66. Kd5 Bf6 67. Rh7 Bg7 68. Rd3 Rb8 69. Rf3 Rb6 70. Rh5 Bf6 71. Rh7 Bg7 72. Rfh3 Ra6 73. R7h5 Bf6 74. Ke6 Bg7 75. Kf5 Rb6 76. Rd3 d5 77. exd5 Rf6+ 78. Ke4 Rd6 79. Rg5 Bf6 80. Rg1 Bg7 81. Rh3 Bf6 82. Rd3 Bg7 83. Rg5 Bf6 84. Rxe5 Bxe5 85. Kxe5 Rxg6 86. d6 1-0

[Event "Hong Kong op"]
[Site "Hong Kong"]
[Date "2014.10.03"]
[Round "6"]
[White "Soumya, Swaminathan"]
[Black "Wong, Meng Kong"]
[Result "1/2-1/2"]
[WhiteElo "2310"]
[BlackElo "2258"]
[PlyCount "137"]
[EventDate "2014.10.01"]
[EventType "swiss"]
[EventRounds "9"]
[EventCountry "HKG"]
[SourceTitle "CBM 162 Extra"]
[Source "ChessBase"]
[SourceDate "2014.10.17"]
[SourceVersion "1"]
[SourceVersionDate "2014.10.17"]
[SourceQuality "1"]

1. e4 e5 2. Nf3 Nc6 3. Bb5 a6 4. Ba4 Nf6 5. 0-0 Be7 6. d3 d6 7. c3 0-0 8. Re1 Nd7 9. Nbd2 Bf6 10. Nf1 Nc5 11. Bc2 Ne6 12. Ne3 g6 13. b4 Bg7 14. a4 Ne7 15. Bb3 a5 16. b5 Nc5 17. Bc4 Be6 18. Ba3 Bxc4 19. Nxc4 Ne6 20. d4 exd4 21. cxd4 Re8 22. Qd2 d5 23. exd5 Qxd5 24. Rac1 Nf5 25. Ne3 Nxe3 26. fxe3 Qb3 27. Bb2 Bh6 28. Ne5 Rad8 29. Qc3 Qxc3 30. Bxc3 Bg7 31. Bxa5 Bxe5 32. dxe5 b6 33. Bc3 Ra8 34. Ra1 Red8 35. a5 bxa5 36. Rxa5 Rab8 37. Kf1 Rd3 38. Bd4 Rb3 39. Ke2 R8xb5 40. Rxb5 Rxb5 41. Kd3 h5 42. Ra1 Rb8 43. Kc4 Kf8 44. Bc3 Ke7 45. Bb4+ Ke8 46. Ra2 Rd8 47. Ra1 Rd7 48. Ra8+ Nd8 49. Rc8 c6 50. Bd6 Ra7 51. Bc7 Kd7 52. Rxd8+ Kxc7 53. Rf8 Kb6 54. g3 Re7 55. Kd4 Kc7 56. e6 Rxe6 57. Rxf7+ Kd6 58. e4 c5+ 59. Kd3 Kc6 60. Rg7 Rf6 61. e5 Rf2 62. Rxg6+ Kd5 63. e6 Kd6 64. e7+ Kxe7 65. Rg5 Rxh2 66. Rxc5 Rh3 67. Ke2 Kf6 68. Kf2 h4 69. gxh4 1/2-1/2

[Event "Hong Kong op"]
[Site "Hong Kong"]
[Date "2014.10.02"]
[Round "4"]
[White "Wong, Meng Kong"]
[Black "Lo, Cheuk Wai"]
[Result "1-0"]
[WhiteElo "2258"]
[BlackElo "1814"]
[PlyCount "47"]
[EventDate "2014.10.01"]
[EventType "swiss"]
[EventRounds "9"]
[EventCountry "HKG"]
[SourceTitle "CBM 162 Extra"]
[Source "ChessBase"]
[SourceDate "2014.10.17"]
[SourceVersion "1"]
[SourceVersionDate "2014.10.17"]
[SourceQuality "1"]

1. g3 f5 2. d4 Nf6 3. Bg2 d6 4. Nc3 g6 5. Nh3 Bg7 6. 0-0 0-0 7. f3 Nc6 8. d5 Ne5 9. f4 Neg4 10. e3 e5 11. dxe6 c6 12. Ng5 Qe7 13. h3 Nh6 14. e4 fxe4 15. Ncxe4 Nxe4 16. Nxe4 d5 17. Ng5 Nf5 18. g4 Nh4 19. f5 gxf5 20. Qe1 Nxg2 21. Kxg2 fxg4 22. Rf7 gxh3+ 23. Kh1 Qb4 24. Qxb4 1-0

[Event "Hong Kong op"]
[Site "Hong Kong"]
[Date "2014.10.01"]
[Round "2"]
[White "Wong, Meng Kong"]
[Black "Lai, Sai Wing"]
[Result "1-0"]
[WhiteElo "2258"]
[BlackElo "1807"]
[PlyCount "67"]
[EventDate "2014.10.01"]
[EventType "swiss"]
[EventRounds "9"]
[EventCountry "HKG"]
[SourceTitle "CBM 162 Extra"]
[Source "ChessBase"]
[SourceDate "2014.10.17"]
[SourceVersion "1"]
[SourceVersionDate "2014.10.17"]
[SourceQuality "1"]

1. g3 d5 2. Bg2 c6 3. d4 e6 4. Nh3 Nf6 5. 0-0 Be7 6. c3 0-0 7. Nd2 Nbd7 8. f4 b6 9. e4 dxe4 10. Nxe4 Bb7 11. Nhf2 Nxe4 12. Nxe4 Nf6 13. a4 Qc7 14. Nxf6+ Bxf6 15. Be3 a5 16. f5 e5 17. dxe5 Bxe5 18. f6 g6 19. Qg4 c5 20. Bxb7 Qxb7 21. Qg5 Rfe8 22. Qh6 Bxf6 23. Rxf6 Qe4 24. Bg5 Rad8 25. Rf2 f5 26. Bxd8 Rxd8 27. Rd2 Rxd2 28. Qxd2 Kg7 29. b3 h5 30. Re1 Qf3 31. Re3 Qc6 32. Qd8 c4 33. Qd4+ Kh6 34. h4 1-0

[Event "ASEAN-ch Seniors 50+"]
[Site "Taipa"]
[Date "2014.06.07"]
[Round "5"]
[White "Wong, Meng Kong"]
[Black "Chan, Peng Kong"]
[Result "1-0"]
[WhiteElo "2267"]
[BlackElo "2261"]
[PlyCount "82"]
[EventDate "2014.06.04"]
[EventType "swiss"]
[EventRounds "7"]
[EventCountry "MAC"]
[SourceTitle "EXT 2018"]
[Source "ChessBase"]
[SourceDate "2017.10.13"]
[SourceVersion "1"]
[SourceVersionDate "2017.10.13"]
[SourceQuality "1"]

1. g3 d5 2. Bg2 Nf6 3. f4 g6 4. b3 Bg7 5. Bb2 0-0 6. Nf3 c5 7. 0-0 Nc6 8. Ne5 Qc7 9. Nxc6 Qxc6 10. c4 Qd6 11. Be5 Qd8 12. cxd5 Nxd5 13. Bxg7 Kxg7 14. Qc1 b6 15. Nc3 Bb7 16. Qb2 Kg8 17. Ne4 Ba6 18. Rae1 Rc8 19. f5 Nb4 20. a3 Nc6 21. f6 Qd4+ 22. Qxd4 cxd4 23. d3 exf6 24. Rxf6 Ne7 25. Bh3 Rcd8 26. Rc1 Nd5 27. Rfc6 Bb5 28. R6c2 Rfe8 29. Kf2 Kg7 30. Rc8 Ba6 31. Rxd8 Rxd8 32. Ng5 Nc3 33. Nf3 Bc8 34. Bxc8 Rxc8 35. Ke1 Rd8 36. Nxd4 Rxd4 37. Rxc3 Rd8 38. Rc7 a5 39. Kd2 h5 40. h4 Rd5 41. Rc6 Rb5 1-0

[Event "Hong Kong-ch op"]
[Site "Hong Kong"]
[Date "2013.10.01"]
[Round "9"]
[White "Wong, Meng Kong"]
[Black "Llaneza Vega, Marcos"]
[Result "1-0"]
[WhiteElo "2268"]
[BlackElo "2426"]
[PlyCount "89"]
[EventDate "2013.09.27"]
[EventType "swiss"]
[EventRounds "9"]
[EventCountry "HKG"]
[SourceTitle "EXT 2015"]
[Source "ChessBase"]
[SourceDate "2014.11.20"]
[SourceVersion "1"]
[SourceVersionDate "2014.11.20"]
[SourceQuality "1"]

1. g3 Nf6 2. Bg2 g6 3. e4 d6 4. Ne2 c5 5. c3 Bg7 6. h3 0-0 7. 0-0 e5 8. d3 Nc6 9. f4 d5 10. fxe5 Nxe5 11. d4 cxd4 12. cxd4 Nc4 13. e5 Ne4 14. Nbc3 Nxc3 15. Nxc3 Be6 16. b3 Nb6 17. Ba3 Re8 18. Qf3 a6 19. g4 Rc8 20. Rad1 Rc6 21. Rd3 Qh4 22. Bc5 Rd8 23. Bb4 Nd7 24. Bd6 Bf8 25. Nxd5 Bxd6 26. exd6 Rxd6 27. Nf4 b5 28. Re3 Nf8 29. d5 Bc8 30. Nxg6 Rxg6 31. Qxf7+ Kh8 32. Re8 Rf6 33. Qxf8+ Rxf8 34. Rfxf8+ Kg7 35. Rxd8 Bb7 36. Rg8+ Kf6 37. Rde8 Qg3 38. Rgf8+ Kg7 39. Rf3 Qc7 40. Re1 a5 41. Kh1 Qd6 42. Ref1 Bc8 43. Rf7+ Kg6 44. Be4+ Kg5 45. Rg7+ 1-0

[Event "Hong Kong-ch op"]
[Site "Hong Kong"]
[Date "2013.09.29"]
[Round "5"]
[White "Wong, Meng Kong"]
[Black "Wong, Yee Chit"]
[Result "1-0"]
[WhiteElo "2268"]
[BlackElo "1911"]
[PlyCount "117"]
[EventDate "2013.09.27"]
[EventType "swiss"]
[EventRounds "9"]
[EventCountry "HKG"]
[SourceTitle "EXT 2015"]
[Source "ChessBase"]
[SourceDate "2014.11.20"]
[SourceVersion "1"]
[SourceVersionDate "2014.11.20"]
[SourceQuality "1"]

1. g3 c5 2. Bg2 Nc6 3. e4 g6 4. Ne2 Bg7 5. 0-0 d6 6. c3 e6 7. d4 cxd4 8. cxd4 Nge7 9. d5 exd5 10. exd5 Ne5 11. h3 0-0 12. Nbc3 Bd7 13. Qb3 Qc8 14. Ne4 Qc4 15. N2c3 Qxb3 16. axb3 Nc8 17. Rd1 Bf5 18. Nb5 Bxe4 19. Bxe4 a6 20. Be3 Rb8 21. Nd4 Nd7 22. Bg2 Nc5 23. Ra3 Re8 24. b4 Ne4 25. Rb3 Nf6 26. b5 Ne7 27. bxa6 bxa6 28. Rxb8 Rxb8 29. Nc6 Nxc6 30. dxc6 Ne8 31. Bd2 Bf6 32. b4 Be7 33. Re1 Bf8 34. b5 axb5 35. Ba5 Rc8 36. Rxe8 Rxe8 37. Bd5 b4 38. Bxb4 Kg7 39. Bc3+ f6 40. c7 Rc8 41. Ba5 Be7 42. Be6 Ra8 43. Bc3 d5 44. Bd4 Bd6 45. c8Q Rxc8 46. Bxc8 Kf7 47. h4 h5 48. Kg2 g5 49. Bf5 gxh4 50. gxh4 Be5 51. Bc5 Bc3 52. Kf3 Bd2 53. Bd6 Be1 54. Ke2 Bc3 55. Kd3 Bb2 56. Bc5 Be5 57. Kc2 Bf4 58. Kc3 Be5+ 59. Kb4 1-0

[Event "Hong Kong-ch op"]
[Site "Hong Kong"]
[Date "2013.09.28"]
[Round "2"]
[White "Kurniawan, Muhamad Agus"]
[Black "Wong, Meng Kong"]
[Result "1-0"]
[WhiteElo "1925"]
[BlackElo "2268"]
[PlyCount "120"]
[EventDate "2013.09.27"]
[EventType "swiss"]
[EventRounds "9"]
[EventCountry "HKG"]
[SourceTitle "EXT 2015"]
[Source "ChessBase"]
[SourceDate "2014.11.20"]
[SourceVersion "1"]
[SourceVersionDate "2014.11.20"]
[SourceQuality "1"]

1. e4 c6 2. d4 d5 3. e5 h5 4. Nf3 Bf5 5. Be2 e6 6. 0-0 Be7 7. Nbd2 Nd7 8. c4 dxc4 9. Nxc4 Nb6 10. Be3 Nxc4 11. Bxc4 Nh6 12. Qb3 Qd7 13. a4 Be4 14. Nd2 Bd5 15. Bxd5 exd5 16. Bxh6 Rxh6 17. Qc3 a5 18. Nb3 b6 19. f4 Qf5 20. Rac1 Kd7 21. Na1 Bb4 22. Qe3 Kc7 23. Nc2 Be7 24. Qf3 Kb7 25. Ne3 Qd7 26. Rc2 f5 27. Rfc1 Rd8 28. Qh3 Rf8 29. Qf3 Bd8 30. Kh1 h4 31. Nd1 g5 32. Nf2 Rg8 33. fxg5 Rxg5 34. b4 axb4 35. Nd3 Rg4 36. Nxb4 Bg5 37. Rd1 Re4 38. Qd3 Bd8 39. Rdc1 h3 40. Qa6+ Kb8 41. gxh3 c5 42. Nd3 c4 43. Nc5 Qc8 44. Qxc8+ Kxc8 45. Nxe4 fxe4 46. Rg1 Rxh3 47. Rg7 Rh6 48. Kg2 Bh4 49. Kf1 e3 50. Rcg2 Bd8 51. Ke2 b5 52. axb5 Rh4 53. R7g4 Rh3 54. Rg8 c3 55. e6 Kc7 56. b6+ Kb7 57. Rxd8 c2 58. Rg1 Rxh2+ 59. Kxe3 Rh6 60. Rxd5 Rxe6+ 1-0

[Event "Hong Kong-ch op"]
[Site "Hong Kong"]
[Date "2013.09.28"]
[Round "3"]
[White "Wong, Meng Kong"]
[Black "Leung, Ho Yan Andrew"]
[Result "1-0"]
[WhiteElo "2268"]
[BlackElo "1713"]
[PlyCount "57"]
[EventDate "2013.09.27"]
[EventType "swiss"]
[EventRounds "9"]
[EventCountry "HKG"]
[SourceTitle "EXT 2015"]
[Source "ChessBase"]
[SourceDate "2014.11.20"]
[SourceVersion "1"]
[SourceVersionDate "2014.11.20"]
[SourceQuality "1"]

1. c4 Nf6 2. g3 g6 3. Bg2 Bg7 4. e4 d6 5. Ne2 c5 6. d3 Nc6 7. h3 a6 8. Nbc3 Rb8 9. a4 h5 10. 0-0 h4 11. g4 Nxg4 12. hxg4 Bxg4 13. f3 Be6 14. f4 Bg4 15. Bf3 Qd7 16. Kh2 Bxf3 17. Rxf3 Qg4 18. Qf1 f5 19. Qg2 Kd7 20. Be3 e5 21. Rg1 exf4 22. Bxf4 Ne5 23. Rh3 Rbg8 24. Qh1 Qh5 25. Rg5 Qh7 26. exf5 Kc8 27. Qd5 gxf5 28. Qxd6 Bf6 29. Nd5 1-0

[Event "Petaling Jaya Nazrin Shah"]
[Site "Petaling Jaya"]
[Date "2013.06.22"]
[Round "11"]
[White "Ramnath, Bhuvanesh R"]
[Black "Wong, Meng Kong"]
[Result "1-0"]
[WhiteElo "2352"]
[BlackElo "2301"]
[PlyCount "99"]
[EventDate "2013.06.13"]
[EventType "tourn"]
[EventRounds "9"]
[EventCountry "MAS"]
[SourceTitle "CBM 155 Extra"]
[Source "ChessBase"]
[SourceDate "2013.08.26"]
[SourceVersion "1"]
[SourceVersionDate "2013.08.26"]
[SourceQuality "1"]

1. e4 d5 2. exd5 Qxd5 3. Nf3 Bg4 4. Be2 Nc6 5. d4 0-0-0 6. c4 Qd6 7. d5 Ne5 8. Be3 Bxf3 9. gxf3 e6 10. Nc3 exd5 11. cxd5 a6 12. Qc2 Qg6 13. Qa4 Nd3+ 14. Kf1 Nc5 15. Qc4 Nd7 16. Rc1 Nb6 17. Qb3 Kb8 18. Rg1 Qf5 19. Bxa6 Rd6 20. Ne4 Qxf3 21. Bxb6 Qxb3 22. Bxc7+ Ka7 23. axb3 Rxa6 24. d6 Nh6 25. Rd1 f5 26. Nc5 Ra2 27. Ne6 g6 28. Nxf8 Rxf8 29. d7 Nf7 30. Re1 f4 31. Rg4 Nd8 32. Rxf4 Rxf4 33. Bxf4 Kb6 34. Rc1 Ne6 35. Bc7+ Kb5 36. Re1 Kc6 37. d8Q Nxd8 38. Bxd8 Rxb2 39. Re3 Rd2 40. Ba5 Rd5 41. Bc3 Rb5 42. b4 Rh5 43. Kg2 Kd5 44. f4 Rf5 45. Re5+ Kc4 46. Rxf5 gxf5 47. Be1 b5 48. Kg3 Kd3 49. Kh4 Ke2 50. Kg5 1-0

[Event "Petaling Jaya Nazrin Shah"]
[Site "Petaling Jaya"]
[Date "2013.06.16"]
[Round "4"]
[White "Luther, Thomas"]
[Black "Wong, Meng Kong"]
[Result "1-0"]
[WhiteElo "2552"]
[BlackElo "2301"]
[PlyCount "55"]
[EventDate "2013.06.13"]
[EventType "tourn"]
[EventRounds "9"]
[EventCountry "MAS"]
[SourceTitle "CBM 155 Extra"]
[Source "ChessBase"]
[SourceDate "2013.08.26"]
[SourceVersion "1"]
[SourceVersionDate "2013.08.26"]
[SourceQuality "1"]

1. e4 d5 2. exd5 Qxd5 3. Nc3 Qa5 4. d4 c6 5. Nf3 Bf5 6. Bc4 e6 7. Bd2 Nd7 8. Nh4 Bg6 9. Nxg6 hxg6 10. Qe2 Qh5 11. g4 Qh4 12. 0-0-0 0-0-0 13. Ne4 Qe7 14. Bf4 Nb6 15. Bb3 Nf6 16. Nc5 Nfd5 17. Bg3 Qg5+ 18. Kb1 Bxc5 19. dxc5 Nd7 20. h4 Qf6 21. g5 Qf5 22. Bd6 Nb4 23. Qd2 Nxc5 24. Qxb4 Ne4 25. Bg3 Nxf2 26. Qe7 e5 27. Bxf2 Rxd1+ 28. Rxd1 1-0

[Event "Hong Kong-ch op"]
[Site "Hong Kong"]
[Date "2012.10.02"]
[Round "8"]
[White "Rivera, Albert"]
[Black "Wong, Meng Kong"]
[Result "1/2-1/2"]
[WhiteElo "2155"]
[BlackElo "2323"]
[PlyCount "20"]
[EventDate "2012.09.28"]
[EventType "swiss"]
[EventRounds "9"]
[EventCountry "HKG"]
[SourceTitle "EXT 2024"]
[Source "ChessBase"]
[SourceDate "2023.10.10"]
[SourceVersion "1"]
[SourceVersionDate "2023.10.10"]
[SourceQuality "1"]

1. d4 c5 2. c3 cxd4 3. cxd4 Nf6 4. Nc3 d5 5. Nf3 e6 6. e3 Be7 7. Bd3 0-0 8. Ne5 Nfd7 9. f4 f5 10. 0-0 Nf6 1/2-1/2